| 000 | 00683nam a22002177a 4500 | ||
|---|---|---|---|
| 999 |
_c1197 _d1197 |
||
| 001 | 001490 | ||
| 003 | CoMeUDC001490 | ||
| 005 | 20210524114507.0 | ||
| 008 | 190201b ||||| |||| 00| 0 eng d | ||
| 020 | _a9587061764 | ||
| 040 | _cCoMeUDC | ||
| 082 |
_a658.022 _bR696 |
||
| 100 |
_91573 _aRodríguez Múnera, Mauricio |
||
| 245 |
_aEl gran libro de las pymes : _binformación financiera / _cMauricio Rodríguez Múnera |
||
| 260 |
_aBogotá : _bCasa Editorial El Tiempo, _c2006. |
||
| 300 |
_a332 p. : _bil. col.; _c23 cm. |
||
| 546 | _aEspañol | ||
| 650 | 0 |
_91233 _aPymes _y2006 _zColombia |
|
| 650 | 0 |
_91600 _aInformación financiera _xmicroempresas |
|
| 942 |
_2ddc _cBK |
||